000 00445cam a2200145 4500500
005 20251012032627.0
041 _afre
042 _adc
100 1 0 _aSesé, Bernard
_eauthor
245 0 0 _aPoétique de la nuit selon saint Jean de la Croix
260 _c2009.
500 _a81
786 0 _nSigila | 23 | 1 | 2009-06-20 | p. 27-37 | 1286-1715
856 4 1 _uhttps://shs.cairn.info/revue-sigila-2009-1-page-27?lang=fr&redirect-ssocas=7080
999 _c1547901
_d1547901